| 000 | 02028cam a22003134a 4500 | ||
|---|---|---|---|
| 001 | 13214870 | ||
| 003 | OSt | ||
| 005 | 20240628110749.0 | ||
| 008 | 030527s2003 enk b 001 0 eng | ||
| 010 | _a 2003011350 | ||
| 020 | _a1405110767 (pbk.) | ||
| 040 | _cMUST | ||
| 082 | 0 | 0 | _a333.1 AGR 2003 |
| 245 | 0 | 0 |
_aAgrarian change, gender and land rights / _cedited by Shahra Razavi. |
| 260 |
_aOxford ; _aMalden, MA : _bBlackwell Publishing, _c2003. |
||
| 300 | _a296 p. cm. | ||
| 500 | _a"First published 2003 as Journal of Agrarian Change Special issue 3(1&2), by Blackwell Publishing." | ||
| 504 | _aIncludes bibliographical references and index. | ||
| 505 | 0 | _aGlobal capitalism, deflation and agrarian crisis in developing countries / Utsa Patnaik -- Policy discourses on women's land rights in Sub-Saharan Africa : the implications of the return to the customary / Anne Whitehead and Dzodzi Tsikata -- Piety in the sky? : gender policy and land reform in South Africa / Cherryl Walker -- Securing women's interests within land tenure reforms : recent debates in Tanzania / Dzodzi Tsikata -- Gender and land rights revisited : exploring new prospects via the state, family and market / Bina Agarwal -- The cry for land : agrarian reform, gender and land rights in Uzbekistan / Deniz Kandiyoti -- Women's land rights and rural social movements in the Brazilian agrarian reform / Carmen Diana Deere. | |
| 650 | 0 |
_aLand reform _zDeveloping countries _vCase studies. _918311 |
|
| 650 | 0 |
_aWomen in rural development _vCase studies. _918312 |
|
| 650 | 0 |
_aWomen's rights _zDeveloping countries _vCase studies. _918313 |
|
| 700 | 1 |
_aRazavi, Shahra. _918314 |
|
| 730 | 0 |
_aJournal of agrarian change. _918315 |
|
| 856 | 4 | 1 |
_3Table of contents _uhttp://www.loc.gov/catdir/toc/ecip044/2003011350.html |
| 906 |
_a7 _bcbc _corignew _d1 _eecip _f20 _gy-gencatlg |
||
| 942 |
_2ddc _cO_SHELF |
||
| 999 |
_c9009 _d9009 |
||